000
00262nam a22001217a 4500
999
_c
2631
_d
2631
082
_a
657.42
_b
4
100
_a
Matz, Adalph Phd
245
_a
Cost Accounting Planning and Control
250
_a
7th
260
_a
India
_b
CRC
_c
2003
300
_a
850
942
_c
BK